Environmental systems : an introductory text

Saved in:
Bibliographic Details
Main Author: White, I. D.
Other Authors: Mottershead, D. N., Harrison, John S.
Format: Book
Language:English
Published: London : Chapman and Hall, 1992
Edition:2nd ed.
Subjects:
Tags: Add Tag
No Tags, Be the first to tag this record!

MARC

LEADER 00000cam a2200000 i 4500
001 1/104169
008 950529s1992 eng d
020 |a 0-412-47140-X 
035 |l 10013162 
040 |a GR-MY-UA  |b gre  |e aacr 
041 0 |a eng 
082 0 |a 551 
100 1 |a White, I. D. 
245 1 0 |a Environmental systems :  |b an introductory text /  |c I. D. White, D. N. Mottershead, S. J. Harrison 
250 |a 2nd ed. 
260 |a London :   |b Chapman and Hall,   |c 1992 
300 |a x, 616 σ.;  |b εικ., χάρτες;  |c 25 εκ. 
504 |a Περιέχει βιβλιογραφικές παραπομπές (σ. [289]-602) και ευρετήριο 
650 0 0 |a Physical geography. 
650 0 0 |a Natural history. 
700 1 |a Mottershead, D. N. 
700 1 |a Harrison, John S. 
852 |a INST  |b LESVOS  |e 19950529  |h 551 WHI  |p 005100000367  |q 005100000367  |t BK  |y 0 
909 |a Λ  |b 026819